00000000nam##2200000za#4500
0019.699251
003CaOODSP
00520210625000309
007cr |||||||||||
008150407|1985||||xxc|||||o    f|0| 0 eng|d
040 |aCaOODSP|beng
043 |an-cn---
0861 |aA53-1787/1989E-PDF
1101 |aCanada.|bAgriculture Canada.|bResearch Branch.
24510|aGrowing field beans in Canada / |h[electronic resource]|c[by] S.J. Park.
260 |bAgriculture Canada. |c1985, reprinted 1989.
300 |a32p.|btables, photographs
500 |aHistorical publication digitized by Agriculture and Agri-Food Canada.
590 |a14-11-Supp|b2014-05-21
69007|aFarming|2gcpds
69007|aVegetable crops|2gcpds
77508|tLes haricots de grande culture au Canada |w(CaOODSP)9.643227
85640|ahttp://publications.gc.ca|qPDF|s2.3 MB|uhttps://publications.gc.ca/collections/collection_2014/aac-aafc/agrhist/A53-1787-1989-eng.pdf
986 |a1787/E